ბათუმის შოთა რუსთაველის სახელმწიფო უნივერსიტეტის ბიბლიოთეკა

Prisoners of Geography: Ten Maps That Explain Everything About the World (ბიბ.ჩანაწერი № 54422)

000 -LEADER
fixed length control field 00876nam a2200253Ia 4500
001 - CONTROL NUMBER
control field 21478
003 - CONTROL NUMBER IDENTIFIER
control field GE_BSU
008 - FIXED-LENGTH DATA ELEMENTS--GENERAL INFORMATION
fixed length control field 181216s||||||||xx |||||||||||||| ||und||
020 ## - INTERNATIONAL STANDARD BOOK NUMBER
International Standard Book Number 9781501121470
040 ## - CATALOGING SOURCE
Transcribing agency GE_BSU
080 ## - UNIVERSAL DECIMAL CLASSIFICATION NUMBER
Universal Decimal Classification number 327(100)+9(100)
100 ## - MAIN ENTRY--PERSONAL NAME
Personal name Marshall, Tim
245 ## - TITLE STATEMENT
Title Prisoners of Geography: Ten Maps That Explain Everything About the World
260 ## - PUBLICATION, DISTRIBUTION, ETC.
Place of publication, distribution, etc. New York
260 ## - PUBLICATION, DISTRIBUTION, ETC.
Name of publisher, distributor, etc. Scribner
260 ## - PUBLICATION, DISTRIBUTION, ETC.
Date of publication, distribution, etc. 2016
300 ## - PHYSICAL DESCRIPTION
Extent 305p. 24cm.
300 ## - PHYSICAL DESCRIPTION
Accompanying material Bibl.:p. 281-286., Index.: p. 287-305
653 ## - INDEX TERM--UNCONTROLLED
Uncontrolled term Prisoners of Geography: Ten Maps That Explain Everything About the World
653 ## - INDEX TERM--UNCONTROLLED
Uncontrolled term История. География. Международные отношения
653 ## - INDEX TERM--UNCONTROLLED
Uncontrolled term საერთაშორისო ურთიერთობები. ისტორია. გეოგრაფია.
942 ## - ADDED ENTRY ELEMENTS (KOHA)
Koha item type წიგნი

არაა ხელმისაწვდომი ეგზემპლარები.